000 00759nas a2200253 4500
001 BR9700747
003 BR-BrBNA
005 20231205095955.0
007 ta
008 230509b bl.|||p| |||| 00| 00por d
040 _aBR-BrBNA
_bpor
_cBiblioteca Nacional de Agricultura
041 _a(Pt)
072 _aF03; F60
100 1 _aDias, D.C.F.S.
100 1 _aMarcos Filho, J.
245 1 _aTestes de vigor baseados na permeabilidade das membranas celulares: 1. Condutividade eletrica
650 _aSemente
650 _aTeste de Vigor
650 _aMembrana
650 _aPermeabilidade
773 0 _tInformativo ABRATES (Brazil)
_xISSN 0103-667X
_g, v. 5(1) p. 26-36
_wBR9700747
909 _a202311
_bLúcia
_c55
_dLúcia Elande
942 _2AGRIS
_n0
_cANA
999 _c153755
_d153755